000 00978nam a2200253Ia 4500
003 OSt
005 20220923211036.0
006 a|||||r|||| 00| 0
007 ta
008 220922b |||||||| |||| 00| 0 doi d
020 _a8172011490 (HBK)
024 _a200,799
037 _cTextual
040 _aARTS
_cARTS
_bdoi
041 _2doi
_adoi
082 _aO1541,1N30x, 152N1
100 _aमधुकर, केहरि सिंह; सचदेव, पद्मा, अनु.
_9157498
245 0 _aडोेला कुन्न ठप्पेआ
_b डोगरी कविताएं
246 _aḌoelā kunna ṭhappeā: ḍogarī kavitāean
260 _aनई दिल्ली
_b साहित्य अकादेमी
_c1991
300 _a103पृ0
_ccm.
942 _hO1541,1N30x, 152N1
_cTEXL
_2CC
999 _c294393
_d294393